000 01479cam a22004217a 4500
003 CHAP
005 20220329141205.0
008 971010s1976 r 00010 d
010 _a64084
011 _a65056
035 _a71217
040 _cCHAP
090 _aS117
090 _aTesis
100 0 0 _aSánchez Rodríguez, Guillermo.
_9107798
245 0 _aProducción de semillas de gramíneas y leguminosas forrajeras tropicales en Ajuchitlán, Gro.
260 _aChapingo, Méx. :
_bEl autor,
_c1976
300 _a86 h.
_b; apénd.; ilus.
502 _aTesis (Ing. Agrónomo Esp. en Zootecnia) -- ENA. Departamento de Zootecnia
590 _aALEPH
_b10
_c20130110
_lUCH01
_h1349
590 _aBATCH-UPD
_b10
_c20130109
_lUCH01
_h2320
590 _aBATCH-UPD
_b10
_c20130110
_lUCH01
_h0753
590 _aBATCH-UPD
_b10
_c20130410
_lUCH01
_h0433
590 _aBATCH-UPD
_b10
_c20130914
_lUCH01
_h1431
590 _aCONVERSION
_b10
_c20130109
_lUCH01
_h1335
650 1 4 _aForrajes
_xTrópicos.
_942599
650 1 4 _aGramíneas
_xGuerrero.
_950278
650 1 4 _aGramíneas
_xSemilla.
_950289
650 1 4 _aLeguminosas
_xGuerrero.
_965830
650 1 4 _aLeguminosas
_xSemilla.
_965851
710 0 _aENA. Departamento de Zootecnia.
_936706
901 _aBK
942 _cFOLL
949 _aS117
_bZ
_cTESBD
_d-3818
_eTS1
_h662
_i71217
_si
949 _bBC
_cTES
_d-149983
_eTS1
_i71217
_si
949 _bBC
_cTES
_d-149984
_eTS2
_fc.2
_i71217
_si
949 _bBC
_cTES
_d-149985
_eTS2
_fc.3
_i71217
_si
999 _c64084
_d64084